000 00882nam a2200277 a 4500
999 _c4748
_d4748
001 4243731
003 GBCCL
005 20241126110525.0
008 850725s1983 caua b 001 0 eng
010 _a 83071923
020 _a0866051147 (pbk.) :
_c$5.95
040 _aDLC
_cDLC
_dDLC
050 0 0 _aBT202
_b.M395 1983
082 0 0 _a232.8
_219
_bMCD
100 1 _aMcDowell, Josh.
_91225
245 1 0 _aJesus :
_ba biblical defense of his deity /
_cby Josh McDowell and Bart Larson.
260 _aSan Bernardino, Calif. :
_bHere's Life Publishers,
_cc1983.
300 _a137 p. :
_bill. ;
_c21 cm.
500 _aIncludes index.
504 _aBibliography: p. 131-132.
600 0 0 _aJesus Christ
_xPerson and offices.
_9268
600 0 0 _aJesus Christ
_xDivinity.
_98667
700 1 _aLarson, Bart.
_98668
906 _a7
_bcbc
_corignew
_d3
_eopcn
_f19
_gy-gencatlg
942 _2ddc
_cBK
_04